000 01826nam a22002417a 4500
999 _c62760
_d62760
003 Ge_BSU
005 20250210153952.0
008 250210s2016 ge ||||| |||| 00| 0 geo d
020 _a2233-355x
041 _ageo
080 _a531/534(479.22)(063) : 51(479.22)(063) ს-32
245 _aსაქართველოს მათემატიკოსთა კავშირისა და საქართველოს მექანიკოსთა კავშირის VII გაერთიანებული საერთაშორისო კონფერენცია:
_bუწყვეტ გარემოთა მექანიკა და ანალიზის მონათესავე საკითხები : მოხსენებათა თეზისები, 5-9 სექტემბერი, 2016, ბათუმი = VII Inretnational Joint Conference of the Georgian Mathematical Union (GMU) & Georgian Mechanical Union (GeoMechU): Continuum Mechanics and Related Problems of Analysis : Book of abstracts, 5-9 September, 2016, Batumi /
_cრედ. გ. გოგიშვილი, მ. კვინიკაძე, მ. ჯაფოშვილი.
264 _aბათუმი,
_c2016.
300 _a260 გვ. ;
_b29 სმ.
504 _aბიბლიოგრ. ტექსტების ბოლოს
653 _aმატემატიკა
653 _aკონფერენცია
653 _aმექანიკა
700 _aგოგიშვილი, გ.
_eრედაქტორი
_924285
700 _aკვინიკაძე, მ.
_eრედაქტორი
_924286
700 _aჯაფოშვილი, მ.
_eრედაქტორი
_924287
942 _2udc
_cᲬᲘᲒᲜᲘ